| 000 | 00511 a2200169 4500 | ||
|---|---|---|---|
| 020 | _a0786868449 | ||
| 040 |
_aDLC _bDLC |
||
| 082 | 0 | 0 | _a003/.7 |
| 100 | 1 | _aStrogatz, Steven H. | |
| 245 | 1 | 0 |
_aSync: the emerging science of spontaneous order _bthe emerging science of spontaneous order _cSteven Strogatz. |
| 250 | _a1st ed. | ||
| 260 |
_aNew York : _bHyperion, _cc2003. |
||
| 300 |
_aviii, 338 p. : _bill. ; _c25 cm. |
||
| 650 | 0 | _aSynchronization. | |
| 650 | 0 | _aSelf-organizing systems. | |
| 942 |
_cBK _k003.7 STR _2ddc |
||
| 999 |
_c4139 _d4139 |
||